Guess the Random Waterparks Song #15 - Statistics

General Stats
  • This quiz has been taken 30 times
  • The average score is 73 of 112
Answer Stats
Answer % Correct
I
93%
me?
87%
me
87%
you
87%
-A-
80%
be
80%
Do
80%
if
80%
in
80%
is
80%
it
80%
it's
80%
itś
80%
love?
80%
the
80%
to
80%
your
80%
Your
80%
Am
73%
And
73%
and
73%
believe
73%
boy
73%
-boy
73%
dreamed
73%
of?
73%
of
73%
up
73%
all
67%
because
67%
Becuase
67%
Living
67%
my
60%
oh
60%
subconscious,
60%
I'm
53%
Make
53%
Say
53%
was
53%
born
47%
Build
47%
Build-
47%
'Cause
47%
destroyed
47%
expectations
47%
favorite
47%
Heart
47%
Never
47%
never
47%
Pick
47%
pieces
47%
with
47%
complicated
40%
inflated
40%
-made
40%
modern
40%
Saturated
40%
Yeah,
40%
You'll
40%
alone
33%
leave
33%
Overjoyed
33%
Custom-
27%
holiday
27%
beloved
20%
dated
20%
getaway
20%
No matching quizzes found
Score Distribution
Percent of People with Each Score
Percentile by Number Answered
Your Score History
You have not taken this quiz